[Event "POR-chT"]
[Site "Vila Nova de Gaia"]
[Date "2004.08.08"]
[Round "7.4"]
[White "Rodrigues, Nuno"]
[Black "Santos, Carlos Pereira Dos"]
[Result "1/2-1/2"]
[WhiteElo "2196"]
[BlackElo "2416"]
[PlyCount "86"]
[EventDate "2004.08.02"]
[EventType "team"]
[EventRounds "7"]
[EventCountry "POR"]
[SourceTitle "EXT 2005"]
[Source "ChessBase"]
[SourceDate "2004.11.15"]
[SourceVersion "1"]
[SourceVersionDate "2004.11.15"]
[SourceQuality "1"]
[WhiteTeam "09"]
[BlackTeam "01"]
[WhiteTeamCountry "POR"]
[BlackTeamCountry "POR"]

1. d4 Nf6 2. c4 g6 3. Nc3 Bg7 4. e4 d6 5. Bd3 Nbd7 6. Bc2 0-0 7. Nge2 a6 8. a4 e5 9. d5 a5 10. 0-0 Nc5 11. f3 Nfd7 12. g4 Na6 13. Na2 Ndc5 14. Ng3 Qh4 15. Bd2 b6 16. Qc1 Qe7 17. Kh1 Bd7 18. b3 Kh8 19. Rg1 Rg8 20. Rb1 Raf8 21. Be3 Qh4 22. Qd2 h6 23. Rg2 Kh7 24. Bf2 Qf6 25. Qe2 Qe7 26. Be3 Bf6 27. Qd2 Bg5 28. h4 Bxe3 29. Qxe3 Rh8 30. h5 Qg5 31. Qxg5 hxg5 32. Rh2 Kg7 33. Kg2 Rh6 34. Rbh1 Rc8 35. Ne2 Be8 36. hxg6 Rxh2+ 37. Rxh2 fxg6 38. Kf2 Bf7 39. Nec1 c6 40. Ke3 cxd5 41. exd5 Be8 42. Nd3 Bd7 43. Nxc5 Nxc5 1/2-1/2

[Event "POR-chT"]
[Site "Vila Nova de Gaia"]
[Date "2004.08.07"]
[Round "6.4"]
[White "Cleto, Fernando de Almeida"]
[Black "Rodrigues, Nuno"]
[Result "0-1"]
[WhiteElo "2183"]
[BlackElo "2196"]
[PlyCount "52"]
[EventDate "2004.08.02"]
[EventType "team"]
[EventRounds "7"]
[EventCountry "POR"]
[SourceTitle "EXT 2005"]
[Source "ChessBase"]
[SourceDate "2004.11.15"]
[SourceVersion "1"]
[SourceVersionDate "2004.11.15"]
[SourceQuality "1"]
[WhiteTeam "07"]
[BlackTeam "09"]
[WhiteTeamCountry "POR"]
[BlackTeamCountry "POR"]

1. e4 c5 2. Nc3 Nc6 3. Nge2 Nf6 4. d4 cxd4 5. Nxd4 e5 6. Ndb5 d6 7. Bg5 a6 8. Na3 b5 9. Bxf6 gxf6 10. Nd5 Bg7 11. Bd3 Ne7 12. Nxe7 Qxe7 13. 0-0 0-0 14. Qh5 d5 15. exd5 e4 16. Rae1 f5 17. c3 Rd8 18. Bc2 Rd6 19. Re3 Rh6 20. Qd1 Be5 21. g3 Bb7 22. Bb3 Kh8 23. Nc2 Rg8 24. Qe2 Qh4 25. f4 Bxf4 26. Qg2 Rhg6 0-1

[Event "POR-chT"]
[Site "Vila Nova de Gaia"]
[Date "2004.08.06"]
[Round "5.4"]
[White "Rodrigues, Nuno"]
[Black "Padeiro, Jose Joao Tato"]
[Result "1/2-1/2"]
[WhiteElo "2196"]
[BlackElo "2208"]
[PlyCount "74"]
[EventDate "2004.08.02"]
[EventType "team"]
[EventRounds "7"]
[EventCountry "POR"]
[SourceTitle "EXT 2005"]
[Source "ChessBase"]
[SourceDate "2004.11.15"]
[SourceVersion "1"]
[SourceVersionDate "2004.11.15"]
[SourceQuality "1"]
[WhiteTeam "09"]
[BlackTeam "04"]
[WhiteTeamCountry "POR"]
[BlackTeamCountry "POR"]

1. d4 d5 2. c4 e6 3. Nf3 Nf6 4. Bg5 Be7 5. Qc2 0-0 6. Nc3 h6 7. Bh4 b6 8. cxd5 Nxd5 9. Nxd5 exd5 10. Bxe7 Qxe7 11. Rc1 Qb4+ 12. Qc3 Qxc3+ 13. Rxc3 c6 14. e3 Bb7 15. Bd3 Nd7 16. Bf5 Rfd8 17. Kd2 g6 18. Bxd7 Rxd7 19. Ne5 Rc7 20. Rhc1 Rac8 21. b4 Kg7 22. a4 f6 23. Nd3 g5 24. g3 Kf7 25. b5 a5 26. f3 Ke6 27. Nb2 Kd6 28. Kd3 cxb5 29. Rxc7 Rxc7 30. Rxc7 Kxc7 31. axb5 Bc8 32. Na4 Bd7 33. Nc3 Kd6 34. e4 Be6 35. Na4 Bd7 36. Nc3 Be6 37. Na4 Bd7 1/2-1/2

[Event "POR-chT"]
[Site "Vila Nova de Gaia"]
[Date "2004.08.04"]
[Round "3.4"]
[White "Leite Oralova, Catarina"]
[Black "Rodrigues, Nuno"]
[Result "1/2-1/2"]
[WhiteElo "2210"]
[BlackElo "2196"]
[PlyCount "84"]
[EventDate "2004.08.02"]
[EventType "team"]
[EventRounds "7"]
[EventCountry "POR"]
[SourceTitle "EXT 2005"]
[Source "ChessBase"]
[SourceDate "2004.11.15"]
[SourceVersion "1"]
[SourceVersionDate "2004.11.15"]
[SourceQuality "1"]
[WhiteTeam "10"]
[BlackTeam "09"]
[WhiteTeamCountry "POR"]
[BlackTeamCountry "POR"]

1. e4 c5 2. c3 d5 3. exd5 Qxd5 4. d4 cxd4 5. cxd4 Nc6 6. Nf3 Bg4 7. Be2 e6 8. Nc3 Qa5 9. 0-0 Nf6 10. Be3 Bd6 11. a3 0-0 12. h3 Bh5 13. Qb3 Rab8 14. Rfd1 Nd5 15. Ne4 Be7 16. Rac1 Rfc8 17. Ng3 Bg6 18. h4 h6 19. Bd3 Bxd3 20. Qxd3 Qd8 21. Qe4 Nf6 22. Qd3 Nd5 23. Qe4 Nf6 24. Qd3 Qd5 25. Bf4 Bd6 26. Ne2 Bxf4 27. Nxf4 Qd6 28. g3 Rd8 29. Rc2 Rd7 30. Rcd2 Rbd8 31. Qe3 Nd5 32. Nxd5 Qxd5 33. Qf4 Qa5 34. Qe4 Qd5 35. Qf4 Rc8 36. Ne5 Rdc7 37. Nxc6 Rxc6 38. Qe5 Rd8 39. Qxd5 Rxd5 40. Kf1 Kf8 41. Ke2 Ke7 42. Ke3 Rb5 1/2-1/2

[Event "Lisbon op"]
[Site "Lisbon"]
[Date "2001.08.27"]
[Round "7"]
[White "Rodrigues, Nuno"]
[Black "Fernandes, Antonio ETG"]
[Result "0-1"]
[WhiteElo "2199"]
[BlackElo "2458"]
[PlyCount "98"]
[EventDate "2001.08.21"]
[EventType "swiss"]
[EventRounds "9"]
[EventCountry "POR"]
[SourceTitle "EXT 2002"]
[Source "ChessBase"]
[SourceDate "2001.11.25"]
[SourceVersion "1"]
[SourceVersionDate "2001.11.25"]
[SourceQuality "1"]

1. d4 Nf6 2. c4 e6 3. Nc3 Bb4 4. e3 b6 5. Bd3 Bb7 6. Nf3 0-0 7. 0-0 c5 8. Qe2 d6 9. Bd2 Nbd7 10. a3 Bxc3 11. Bxc3 Qe7 12. Nd2 Rac8 13. Rad1 Rfd8 14. b3 d5 15. Bb2 g6 16. f4 Nb8 17. Nf3 Nc6 18. dxc5 bxc5 19. Ne5 a5 20. Ba1 h5 21. h3 d4 22. Nxc6 Rxc6 23. exd4 cxd4 24. Bb2 Qc5 25. Kh2 Rcd6 26. Rfe1 Nd7 27. Be4 Bxe4 28. Qxe4 Nf8 29. Rd3 a4 30. bxa4 f5 31. Qe5 Nd7 32. Qe2 Nf6 33. Qc2 Ne4 34. Red1 R6d7 35. a5 Kh7 36. a6 e5 37. fxe5 Qxe5+ 38. Kg1 Nc5 39. Rf3 Nxa6 40. Qd2 Nc5 41. Re1 Qf6 42. Qb4 Qc6 43. Re5 Rc8 44. Bc1 Kg8 45. Qe1 Ne4 46. c5 Rd5 47. Re7 Qxc5 48. Bg5 Nxg5 49. Re8+ Kf7 0-1

[Event "Honra Ginasio C Sul 2"]
[Site "Cova da Piedade"]
[Date "2001.07.26"]
[Round "8"]
[White "Prata, Jose Miguel Mendes"]
[Black "Rodrigues, Nuno"]
[Result "1/2-1/2"]
[WhiteElo "2081"]
[BlackElo "2199"]
[PlyCount "95"]
[EventDate "2001.07.??"]
[EventType "tourn"]
[EventRounds "9"]
[EventCountry "POR"]
[SourceTitle "EXT 2003"]
[Source "ChessBase"]
[SourceDate "2002.11.25"]
[SourceVersion "1"]
[SourceVersionDate "2002.11.25"]
[SourceQuality "1"]

1. e4 c5 2. d3 Nc6 3. g3 g6 4. Bg2 Bg7 5. Nf3 Rb8 6. 0-0 b5 7. c3 b4 8. d4 bxc3 9. bxc3 cxd4 10. cxd4 d6 11. Be3 Nf6 12. Nc3 0-0 13. h3 Na5 14. e5 Ne8 15. Bf4 Bb7 16. Re1 Nc4 17. e6 f5 18. Ng5 Bxg2 19. Kxg2 Qa5 20. Rc1 Rb4 21. Nf7 Nb2 22. Qd2 Nc4 23. Qe2 Bxd4 24. Bh6 Ng7 25. Nd1 Ne5 26. Kh2 Ra4 27. Nxe5 Bxe5 28. Rc2 Re4 29. Ne3 f4 30. gxf4 Bxf4+ 31. Bxf4 Rexf4 32. Ng4 h5 33. Nh6+ Kh7 34. Nf7 Nxe6 35. Qxe6 R8xf7 36. Ree2 Qb6 37. Kg2 Qb7+ 38. Kh2 Qb1 39. Kg2 R4f5 40. Qe3 Qb5 41. Rc7 Qd5+ 42. Kh2 e5 43. Qxa7 Qf3 44. Rcc2 Qf4+ 45. Kg2 Qf3+ 46. Kh2 Qf4+ 47. Kg2 Qf3+ 48. Kh2 1/2-1/2

[Event "Honra Ginasio C Sul 2"]
[Site "Cova da Piedade"]
[Date "2001.07.25"]
[Round "7"]
[White "Rodrigues, Nuno"]
[Black "Reis, Luis Sousa"]
[Result "1-0"]
[WhiteElo "2199"]
[BlackElo "2230"]
[PlyCount "80"]
[EventDate "2001.07.??"]
[EventType "tourn"]
[EventRounds "9"]
[EventCountry "POR"]
[SourceTitle "EXT 2003"]
[Source "ChessBase"]
[SourceDate "2002.11.25"]
[SourceVersion "1"]
[SourceVersionDate "2002.11.25"]
[SourceQuality "1"]

1. d4 c5 2. d5 Nf6 3. Nc3 Qa5 4. Bd2 b5 5. e4 b4 6. e5 bxc3 7. Bxc3 Qb6 8. exf6 gxf6 9. Qh5 d6 10. 0-0-0 Nd7 11. f4 Bg7 12. Nf3 h6 13. Bd3 Rb8 14. Rhe1 Qd8 15. Nh4 Nb6 16. b3 c4 17. Bf5 cxb3 18. axb3 a5 19. Rd3 Rf8 20. Bxa5 Ra8 21. Bc3 Qc7 22. Bxc8 Nxc8 23. Nf5 Bh8 24. Rde3 Ra7 25. Nxe7 Nxe7 26. Rxe7+ Qxe7 27. Rxe7+ Kxe7 28. Qe2+ Kd7 29. Qb5+ Ke7 30. Bb4 Rd8 31. f5 h5 32. Qe2+ Kf8 33. Qxh5 Bg7 34. Qh4 Rb8 35. Kb2 Rd7 36. c4 Kg8 37. Bc3 Re8 38. Bxf6 Re2+ 39. Kc3 Rxg2 40. Bxg7 Kxg7 1-0

[Event "Honra Ginasio C Sul 2"]
[Site "Cova da Piedade"]
[Date "2001.07.23"]
[Round "5"]
[White "Rodrigues, Nuno"]
[Black "Farinha, Joao Carlos da Cruz"]
[Result "1/2-1/2"]
[WhiteElo "2199"]
[BlackElo "2000"]
[PlyCount "62"]
[EventDate "2001.07.??"]
[EventType "tourn"]
[EventRounds "9"]
[EventCountry "POR"]
[SourceTitle "EXT 2003"]
[Source "ChessBase"]
[SourceDate "2002.11.25"]
[SourceVersion "1"]
[SourceVersionDate "2002.11.25"]
[SourceQuality "1"]

1. d4 d5 2. c4 e6 3. Nc3 Nf6 4. Bg5 Be7 5. Nf3 Nbd7 6. Qc2 h6 7. Bh4 a6 8. e3 dxc4 9. Bxc4 b5 10. Bb3 Bb7 11. a3 Rc8 12. 0-0 c5 13. Qe2 Ne4 14. Nxe4 Bxe4 15. Bxe7 Qxe7 16. dxc5 Nxc5 17. Rac1 0-0 18. Bc2 Qb7 19. Rfd1 Rfd8 20. Rxd8+ Rxd8 21. Rd1 Rxd1+ 22. Qxd1 Bxc2 23. Qxc2 Qd5 24. h3 e5 25. Nd2 g6 26. b4 Ne6 27. Ne4 Kg7 28. Kf1 h5 29. f3 f5 30. Nc5 Qd6 31. Nxe6+ Qxe6 1/2-1/2

[Event "Honra Ginasio C Sul 2"]
[Site "Cova da Piedade"]
[Date "2001.07.19"]
[Round "3.5"]
[White "Rodrigues, Nuno"]
[Black "Morais, Vitor Mestre"]
[Result "0-1"]
[WhiteElo "2199"]
[BlackElo "2126"]
[PlyCount "90"]
[EventDate "2001.07.??"]
[EventType "tourn"]
[EventRounds "9"]
[EventCountry "POR"]
[SourceTitle "EXT 2003"]
[Source "ChessBase"]
[SourceDate "2002.11.25"]
[SourceVersion "1"]
[SourceVersionDate "2002.11.25"]
[SourceQuality "1"]

1. d4 Nf6 2. c4 e6 3. Nc3 Bb4 4. e3 c5 5. Bd3 b6 6. Nge2 Bb7 7. 0-0 cxd4 8. exd4 d5 9. cxd5 Nxd5 10. Ne4 0-0 11. Ng5 Nf6 12. Ng3 h6 13. Nf3 Nc6 14. Be3 Rc8 15. Qe2 Bd6 16. a3 Re8 17. Rad1 Qe7 18. Bc1 Bb8 19. Rfe1 Rcd8 20. Bb1 Qc7 21. Ba2 Ne7 22. Ne5 Ned5 23. Bb1 Qe7 24. Bd2 Nd7 25. Qg4 f5 26. Bxf5 N5f6 27. Ng6 Qf7 28. Bxe6 Nxg4 29. Bxf7+ Kxf7 30. Nh4 Nf8 31. Nhf5 Ne6 32. Bc3 g6 33. Ne3 Nf6 34. Nc4 Nf4 35. Ne5+ Kg7 36. f3 N6d5 37. Bd2 Ne6 38. Bxh6+ Kh7 39. Ng4 Bxg3 40. hxg3 Ng7 41. Bg5 Rc8 42. Nf6+ Nxf6 43. Bxf6 Nf5 44. g4 Ne3 45. Rd2 Nxg4 0-1

[Event "Lisbon Summer op"]
[Site "Lisbon"]
[Date "2000.08.27"]
[Round "7.17"]
[White "Rodrigues, Nuno"]
[Black "Koskinen, Henri"]
[Result "0-1"]
[WhiteElo "2166"]
[BlackElo "2310"]
[PlyCount "76"]
[EventDate "2000.08.21"]
[EventType "swiss"]
[EventRounds "10"]
[EventCountry "POR"]
[SourceTitle "EXT 2001"]
[Source "ChessBase"]
[SourceDate "2000.11.22"]
[SourceVersion "1"]
[SourceVersionDate "2000.11.22"]
[SourceQuality "1"]

1. d4 Nf6 2. c4 g6 3. Nc3 Bg7 4. e4 0-0 5. Bd3 d6 6. Nge2 e5 7. d5 Na6 8. 0-0 Nc5 9. Bc2 a5 10. a3 Ne8 11. Be3 f5 12. exf5 gxf5 13. f4 Qe7 14. Qd2 Bd7 15. b4 axb4 16. axb4 Rxa1 17. Rxa1 exf4 18. Nxf4 Ne4 19. Bxe4 fxe4 20. Ra7 b6 21. Nce2 Be5 22. g3 Bg4 23. Bxb6 Bxe2 24. Qxe2 Bxf4 25. gxf4 Qg7+ 26. Kh1 Rxf4 27. Be3 Rf3 28. Ra8 Kf7 29. Rd8 Qg4 30. Ra8 Qh3 31. Bg1 Qf5 32. Ra1 h5 33. Re1 Nf6 34. Bd4 h4 35. Kg1 h3 36. Rf1 Ng4 37. Re1 Qf4 38. Qxe4 Qxh2# 0-1

[Event "Lisbon Summer op"]
[Site "Lisbon"]
[Date "2000.08.26"]
[Round "6"]
[White "Rocha, Sergio MC"]
[Black "Rodrigues, Nuno"]
[Result "1-0"]
[WhiteElo "2374"]
[BlackElo "2166"]
[PlyCount "77"]
[EventDate "2000.08.21"]
[EventType "swiss"]
[EventRounds "10"]
[EventCountry "POR"]
[SourceTitle "EXT 2001"]
[Source "ChessBase"]
[SourceDate "2000.11.22"]
[SourceVersion "1"]
[SourceVersionDate "2000.11.22"]
[SourceQuality "1"]

1. c4 e5 2. Nc3 Nf6 3. g3 Bb4 4. Bg2 0-0 5. Nf3 e4 6. Ng5 Bxc3 7. dxc3 Re8 8. 0-0 d6 9. f3 exf3 10. exf3 Nc6 11. Re1 h6 12. Rxe8+ Qxe8 13. Nh3 Qe5 14. Nf2 Qc5 15. Qe2 Be6 16. b3 Re8 17. a4 Bh3 18. Qd1 Bxg2 19. Kxg2 a5 20. Ra2 Qe5 21. Nd3 Qf5 22. g4 Qc8 23. Nf4 Re5 24. Nd3 Re8 25. Bf4 Ne5 26. Bg3 h5 27. h3 b6 28. Nf4 hxg4 29. hxg4 Nfd7 30. Re2 Nc5 31. Nd5 Kf8 32. Qc2 Ng6 33. Rxe8+ Kxe8 34. b4 Nd7 35. Qf5 Qd8 36. c5 axb4 37. cxd6 c6 38. Nc7+ Kf8 39. Ne6+ 1-0

[Event "Lisbon Summer op"]
[Site "Lisbon"]
[Date "2000.08.24"]
[Round "4"]
[White "Santos, Julio Fernandes"]
[Black "Rodrigues, Nuno"]
[Result "0-1"]
[WhiteElo "2040"]
[BlackElo "2166"]
[PlyCount "84"]
[EventDate "2000.08.21"]
[EventType "swiss"]
[EventRounds "10"]
[EventCountry "POR"]
[SourceTitle "EXT 2001"]
[Source "ChessBase"]
[SourceDate "2000.11.22"]
[SourceVersion "1"]
[SourceVersionDate "2000.11.22"]
[SourceQuality "1"]

1. e4 c5 2. Nf3 Nc6 3. d4 cxd4 4. Nxd4 Nf6 5. Nc3 e5 6. Ndb5 d6 7. a4 Nb4 8. Bc4 Be6 9. Bd5 a6 10. Na3 Nfxd5 11. Nxd5 Nxd5 12. exd5 Qa5+ 13. Qd2 Qxd5 14. Qxd5 Bxd5 15. 0-0 Rc8 16. c3 Be7 17. Be3 0-0 18. a5 Be6 19. Rfe1 g5 20. f3 f6 21. Nc2 d5 22. h3 Kf7 23. Re2 Rc6 24. Ne1 Rd8 25. Rd2 h5 26. Ra4 f5 27. Nd3 Kf6 28. Bb6 Rg8 29. g4 f4 30. Kg2 Rgc8 31. Ra1 Bd6 32. Re1 Rc4 33. Rde2 hxg4 34. hxg4 e4 35. Bd4+ Rxd4 36. cxd4 Bxg4 37. Ne5 Bxe5 38. dxe5+ Ke6 39. fxg4 f3+ 40. Kg3 fxe2 41. Rxe2 Rf8 42. Rh2 d4 0-1

[Event "POR-chT"]
[Site "Aveiro"]
[Date "2000.06.22"]
[Round "6"]
[White "Carvalho, Alda"]
[Black "Rodrigues, Nuno"]
[Result "0-1"]
[WhiteElo "2063"]
[BlackElo "2160"]
[PlyCount "84"]
[EventDate "2000.06.11"]
[EventType "team-swiss"]
[EventRounds "9"]
[EventCountry "POR"]
[SourceTitle "EXT 2001"]
[Source "ChessBase"]
[SourceDate "2000.11.22"]
[SourceVersion "1"]
[SourceVersionDate "2000.11.22"]
[SourceQuality "1"]

1. d4 d5 2. Bf4 c5 3. c3 Nc6 4. e3 Nf6 5. Bd3 e6 6. Nf3 Bd6 7. Bxd6 Qxd6 8. Nbd2 0-0 9. 0-0 e5 10. dxe5 Nxe5 11. Nxe5 Qxe5 12. Qf3 Bg4 13. Qg3 Qe6 14. h3 Bf5 15. Bxf5 Qxf5 16. Rac1 Rfd8 17. Qf3 Qe5 18. Rfe1 Ne4 19. Qe2 Rd6 20. Rcd1 Rad8 21. Nf3 Qe6 22. a3 b6 23. Qa6 Qe7 24. Qd3 Rg6 25. c4 Qf6 26. Qe2 Ng5 27. Nxg5 Qxg5 28. Qf1 dxc4 29. Rxd8+ Qxd8 30. Qxc4 Qg5 31. Qe4 Qd8 32. Qc4 Qa8 33. Qf1 Qd5 34. e4 Qe5 35. Rd1 h6 36. Qe2 Rd6 37. Rxd6 Qxd6 38. g3 Qd4 39. Kh2 c4 40. Qf3 Qxb2 41. Qf5 g6 42. Qf4 Qd4 0-1

[Event "Lisbon-ch"]
[Site "Olival Basto"]
[Date "2000.03.15"]
[Round "1"]
[White "Dias, Paulo Jorge Guimara"]
[Black "Rodrigues, Nuno"]
[Result "1-0"]
[WhiteElo "2267"]
[BlackElo "2160"]
[PlyCount "57"]
[EventDate "2000.03.15"]
[EventType "swiss"]
[EventRounds "12"]
[EventCountry "POR"]
[SourceTitle "EXT 2001"]
[Source "ChessBase"]
[SourceDate "2000.11.22"]
[SourceVersion "1"]
[SourceVersionDate "2000.11.22"]
[SourceQuality "1"]

1. d4 d5 2. c4 c6 3. Nc3 Nf6 4. Nf3 e6 5. e3 Bd6 6. Qc2 Nbd7 7. b3 Qe7 8. Be2 0-0 9. Bb2 Re8 10. 0-0 Nf8 11. e4 dxe4 12. Nxe4 Nxe4 13. Qxe4 Ba3 14. Bc3 Bb4 15. Rac1 Bxc3 16. Rxc3 Ng6 17. Ne5 Nxe5 18. dxe5 Rd8 19. Rh3 g6 20. Qf4 Qf8 21. Qh4 h6 22. Qf6 Rd4 23. Rd1 Rxd1+ 24. Bxd1 Qg7 25. Rd3 b6 26. Rd8+ Kh7 27. Qf4 a5 28. Bf3 Bb7 29. Rd7 1-0

[Event "Lisbon op"]
[Site "Lisbon"]
[Date "2000.??.??"]
[Round "2"]
[White "Rodrigues, Nuno"]
[Black "Santos, Julio Fernandes"]
[Result "1-0"]
[WhiteElo "2160"]
[BlackElo "2058"]
[PlyCount "65"]
[EventDate "2000.??.??"]
[EventType "swiss"]
[EventRounds "6"]
[EventCountry "POR"]
[SourceTitle "EXT 2002"]
[Source "ChessBase"]
[SourceDate "2001.11.25"]
[SourceVersion "1"]
[SourceVersionDate "2001.11.25"]
[SourceQuality "1"]

1. d4 d5 2. c4 e6 3. Nc3 Nf6 4. Nf3 c6 5. e3 Nbd7 6. Qc2 Bb4 7. Bd3 Bxc3+ 8. Qxc3 dxc4 9. Bxc4 Nd5 10. Qc2 b5 11. Be2 Qb6 12. e4 Nb4 13. Qc3 a5 14. a3 Na6 15. d5 Nf6 16. dxc6 b4 17. Qc2 Qc5 18. Qa4 Nxe4 19. 0-0 Nc7 20. Be3 Qe7 21. Qc2 f5 22. axb4 Qxb4 23. Ra4 Qe7 24. Rfa1 0-0 25. Rxa5 Rxa5 26. Rxa5 Nd5 27. Bd4 Nb4 28. Qa4 Rd8 29. Ra7 Nc5 30. Rxe7 Nxa4 31. Rxg7+ Kf8 32. Ra7 Nxb2 33. Bc5+ 1-0

[Event "Lisbon op 5th"]
[Site "Lisbon"]
[Date "1999.11.21"]
[Round "9"]
[White "Ramon Pita, Vivian"]
[Black "Rodrigues, Nuno"]
[Result "0-1"]
[WhiteElo "2278"]
[BlackElo "2141"]
[PlyCount "100"]
[EventDate "1999.11.06"]
[EventType "swiss"]
[EventRounds "9"]
[EventCountry "POR"]
[SourceTitle "CBM 073 Extra"]
[Source "ChessBase"]
[SourceDate "2000.01.11"]
[SourceVersion "1"]
[SourceVersionDate "2000.01.11"]
[SourceQuality "1"]

1. c4 e5 2. Nc3 Nf6 3. g3 Bb4 4. Bg2 0-0 5. e4 Bxc3 6. bxc3 b5 7. cxb5 Bb7 8. d3 d5 9. Bg5 dxe4 10. Bxf6 Qxf6 11. Bxe4 Bxe4 12. dxe4 Rd8 13. Qf3 Qb6 14. Rd1 Nd7 15. Rd5 Nf6 16. Rxd8+ Rxd8 17. Qe2 a6 18. Nf3 Qxb5 19. Qxb5 axb5 20. Ke2 Nxe4 21. Rc1 Ra8 22. Ke3 Nd6 23. Rc2 f6 24. Nd2 Ra4 25. f3 Kf7 26. Nb3 Ra8 27. Nd2 Ke6 28. g4 Ra3 29. Nb3 Nc4+ 30. Ke4 Nd6+ 31. Kd3 Kd5 32. Rd2 Nc4 33. Rg2 g6 34. h4 c6 35. h5 c5 36. Rc2 gxh5 37. gxh5 f5 38. Nc1 e4+ 39. fxe4+ fxe4+ 40. Ke2 b4 41. Nb3 bxc3 42. Nc1 Na5 43. Ke3 Nc6 44. Rg2 c2+ 45. Kd2 Nd4 46. Rg7 Rh3 47. Rxh7 e3+ 48. Kc3 e2+ 49. Kd2 Rh1 50. Nxe2 Rh2 0-1

[Event "Faro op"]
[Site "Algarve"]
[Date "1999.08.16"]
[Round "7"]
[White "Rodrigues, Nuno"]
[Black "Santos, Luis M"]
[Result "1-0"]
[WhiteElo "2141"]
[BlackElo "2376"]
[PlyCount "131"]
[EventDate "1999.08.10"]
[EventType "swiss"]
[EventRounds "9"]
[EventCountry "POR"]
[SourceTitle "EXT 2002"]
[Source "ChessBase"]
[SourceDate "2001.11.25"]
[SourceVersion "1"]
[SourceVersionDate "2001.11.25"]
[SourceQuality "1"]

1. d4 Nf6 2. c4 c5 3. d5 g6 4. Nc3 Bg7 5. e4 d6 6. Bd3 0-0 7. Nge2 Na6 8. 0-0 e6 9. Bg5 h6 10. Bf4 Nc7 11. Bc2 exd5 12. exd5 Ng4 13. Qd2 Kh7 14. Rae1 Ne5 15. b3 Bd7 16. Bg3 f5 17. a4 Qf6 18. Nf4 Rfe8 19. Nd1 Qf7 20. Nd3 Na6 21. Kh1 Nxd3 22. Bxd3 Be5 23. Bxe5 dxe5 24. f4 e4 25. Be2 Qf6 26. Ne3 Qd4 27. Rd1 Qxd2 28. Rxd2 h5 29. h4 Kg7 30. Kg1 Kf6 31. Kf2 Nb4 32. Ra1 Ke7 33. Ke1 Rf8 34. Rdd1 Rf6 35. Kd2 Ra6 36. Ra3 Ra5 37. Rda1 Kd6 38. Kc3 Kc7 39. Bf1 Ra6 40. Be2 Ra5 41. Bf1 Kd6 42. Be2 Na6 43. R3a2 Nc7 44. Ra3 Rb8 45. Kc2 a6 46. Bd1 b5 47. axb5 Rxa3 48. Rxa3 axb5 49. Ra1 bxc4 50. bxc4 Rb6 51. Kc3 Ra6 52. Rxa6+ Nxa6 53. Kb3 Nb4 54. Be2 Kc7 55. Bf1 Kb6 56. Be2 Ka5 57. Bf1 Ba4+ 58. Kc3 Na2+ 59. Kb2 Kb4 60. Nc2+ Bxc2 61. Kxc2 Ka3 62. Be2 Nb4+ 63. Kc3 Ka2 64. Bd1 Kb1 65. Kd2 Nd3 66. g3 1-0

[Event "Lisbon op-A"]
[Site "Lisbon"]
[Date "1999.??.??"]
[Round "2"]
[White "Rodrigues, Nuno"]
[Black "Boino, Claudio N Vigidal"]
[Result "0-1"]
[WhiteElo "2141"]
[BlackElo "2111"]
[PlyCount "46"]
[EventDate "1999.10.??"]
[EventType "swiss"]
[EventRounds "6"]
[EventCountry "POR"]
[SourceTitle "CBM 073 Extra"]
[Source "ChessBase"]
[SourceDate "2000.01.11"]
[SourceVersion "1"]
[SourceVersionDate "2000.01.11"]
[SourceQuality "1"]

1. d4 d5 2. c4 c6 3. Nc3 Nf6 4. cxd5 cxd5 5. Bf4 Nc6 6. e3 Bf5 7. Bb5 a6 8. Bxc6+ bxc6 9. Nf3 e6 10. Qa4 Qb6 11. Ne5 Rc8 12. 0-0 Be7 13. a3 a5 14. Rac1 0-0 15. Nxc6 Rxc6 16. Nxd5 Nxd5 17. Qxc6 Qxb2 18. Bd6 Bxd6 19. Qxd6 Nc3 20. Kh1 Ne4 21. Qd7 Nxf2+ 22. Kg1 Be4 23. Qxf7+ Rxf7 0-1

[Event "POR-chT"]
[Site "Portugal"]
[Date "1999.??.??"]
[Round "8"]
[White "Santos, Julio Fernandes"]
[Black "Rodrigues, Nuno"]
[Result "0-1"]
[WhiteElo "2020"]
[BlackElo "2149"]
[PlyCount "136"]
[EventDate "1999.??.??"]
[EventType "team"]
[EventRounds "9"]
[EventCountry "POR"]
[SourceTitle "EXT 2002"]
[Source "ChessBase"]
[SourceDate "2001.11.25"]
[SourceVersion "1"]
[SourceVersionDate "2001.11.25"]
[SourceQuality "1"]

1. e4 c5 2. Nf3 Nc6 3. d4 cxd4 4. Nxd4 Nf6 5. Nc3 e5 6. Ndb5 d6 7. Bg5 a6 8. Na3 b5 9. Nd5 Be7 10. Bxf6 Bxf6 11. c3 0-0 12. Qf3 Bg5 13. h4 Bh6 14. g4 Bf4 15. Nxf4 Qf6 16. g5 Qxf4 17. Qxf4 exf4 18. 0-0-0 Rd8 19. Bh3 Be6 20. Kb1 Ne5 21. Nc2 Kf8 22. Nd4 Ke7 23. Nf5+ Bxf5 24. Bxf5 g6 25. Bh3 h6 26. Bf1 Rh8 27. gxh6 Rxh6 28. a4 Ng4 29. Rd2 bxa4 30. Rh3 a5 31. Ka2 Ne5 32. f3 Nd7 33. Ka3 Nb6 34. Rg2 Rb8 35. Rg4 Nd7 36. Rxf4 Rb3+ 37. Ka2 Ne5 38. h5 Rxh5 39. Rxh5 gxh5 40. Rf5 f6 41. f4 Ng6 42. Rxh5 Nxf4 43. Rxa5 Rb7 44. Rxa4 Ne6 45. b4 Ng5 46. Bg2 Rb8 47. Ra7+ Ke6 48. Kb3 Ke5 49. c4 Kf4 50. Ra1 Ke3 51. b5 Ne6 52. Kb4 Nc5 53. Rd1 Rg8 54. Rxd6 Nd3+ 55. Kc3 Nf2 56. b6 Rxg2 57. Kb3 Nxe4 58. Rd1 Nc5+ 59. Kb4 Rg5 60. Kb5 Nd3+ 61. Ka6 Nb4+ 62. Ka7 Ra5+ 63. Kb8 Rc5 64. Rd6 f5 65. b7 Nc6+ 66. Kc7 Na5+ 67. Kb6 Nxb7 68. Kxb7 Rxc4 0-1

[Event "Almada Honra"]
[Site "Almada"]
[Date "1998.03.07"]
[Round "8"]
[White "Santos, Antonio Pereira"]
[Black "Rodrigues, Nuno"]
[Result "1-0"]
[WhiteElo "2290"]
[BlackElo "2165"]
[PlyCount "35"]
[EventDate "1998.02.28"]
[EventType "tourn"]
[EventRounds "9"]
[EventCountry "POR"]
[SourceTitle "CBM 064 Extra"]
[Source "ChessBase"]
[SourceDate "1998.07.07"]
[SourceVersion "1"]
[SourceVersionDate "1998.07.07"]
[SourceQuality "1"]

1. d4 d5 2. c4 e5 3. dxe5 d4 4. Nf3 Nc6 5. Bf4 Be6 6. Nbd2 Qd7 7. Qa4 Nge7 8. 0-0-0 Ng6 9. g3 Bg4 10. Bg2 Nxf4 11. gxf4 0-0-0 12. Nb3 Qf5 13. Nfxd4 Nxd4 14. Nxd4 Qxf4+ 15. e3 Qxf2 16. Qxa7 Qxg2 17. Qa8+ Kd7 18. Qxd8+ 1-0